| 000 | 00517cam a2200181u 4500 | ||
|---|---|---|---|
| 001 | 000005969 | ||
| 005 | 20200929151850.0 | ||
| 008 | 810904m19179999sp 000 0 spa | ||
| 010 | _a18009999 | ||
| 040 |
_aDO-SdBNP _cCarP _dDLC |
||
| 050 | 0 | 0 |
_aPQ2435.C4 _bS7 1917 |
| 100 | 1 |
_aStendhal, _d1783-1842. _916823 |
|
| 245 | 1 | 3 | _aLa cartuja de Parma;. |
| 260 |
_aMadrid, : _bCalleja, _c[1917]-. |
||
| 300 |
_av. ; _c16 cm. |
||
| 700 | 1 |
_aMorente, Manuel G., [from old catalog] _etr. _916824 |
|
| 910 | _aCatalogación derivada | ||
| 999 |
_c5765 _d5765 |
||